[Event "9. Lichtenberger Sommer 2010"]
[Site "Berlin"]
[Date "2010.08.11"]
[Round "6.44"]
[White "Oginski, Ulrich"]
[Black "Kanellopoulos, Panayotis"]
[Result "0-1"]
[WhiteElo "1826"]
[BlackElo "2268"]
[PlyCount "74"]
[EventDate "2010.??.??"]
[WhiteTeam "SC Weisse Dame e.V."]
[BlackTeam "Patras Chess Club"]

1. c4 g6 2. g3 Bg7 3. Bg2 Nf6 4. Nc3 O-O 5. Nf3 d6 6. O-O e5 7. d3 Nc6 8. Rb1
a5 9. a3 Nd4 10. b4 axb4 11. axb4 c6 12. Bg5 h6 13. Bxf6 Bxf6 14. e3 Ne6 15.
Qb3 Bg7 16. Ra1 Rxa1 17. Rxa1 f5 18. Ra8 Kh7 19. Ra2 g5 20. Ne1 g4 21. b5 c5
22. Bd5 Ng5 23. Ra7 f4 24. Ne4 fxe3 25. fxe3 Nh3+ 26. Kg2 Qe8 27. Ra2 Qg6 28.
Qd1 h5 29. Qe2 h4 30. Ra1 Ng5 31. Nxg5+ Qxg5 32. Nc2 Qh5 33. gxh4 Qxh4 34. Rf1
g3 35. Be4+ Kh6 36. Rxf8 Bg4 37. Rf3 Qxh2+ 0-1

[Event "9. Lichtenberger Sommer 2010"]
[Site "Berlin"]
[Date "2010.08.11"]
[Round "6.45"]
[White "Barwich, Alfred"]
[Black "Hertwig, Christopher"]
[Result "1-0"]
[WhiteElo "1909"]
[BlackElo "2086"]
[PlyCount "125"]
[EventDate "2010.??.??"]
[WhiteTeam "SV Berolina Mitte e.V."]
[BlackTeam "SK König Tegel 1949 e.V."]

1. d4 Nf6 2. c4 e6 3. Nc3 Bb4 4. e3 O-O 5. Bd3 c5 6. a3 Bxc3+ 7. bxc3 Nc6 8.
Nf3 Qc7 9. O-O b6 10. e4 d5 11. cxd5 exd5 12. exd5 Nxd5 13. dxc5 h6 14. Qc2
bxc5 15. Be4 Nf6 16. Bf5 Ne5 17. Nxe5 Qxe5 18. Bxc8 Raxc8 19. h3 Rfd8 20. Bb2
c4 21. Rfe1 Qf4 22. Bc1 Qh4 23. Qf5 Re8 24. Be3 Ne4 25. Bd4 g6 26. Qg4 Qxg4 27.
hxg4 Kf8 28. f3 Nc5 29. Rxe8+ Kxe8 30. Re1+ Kd7 31. Rb1 Kc6 32. Rb4 Kd5 33. Rb5
Kd6 34. Ra5 Nb3 35. Ra6+ Kd5 36. Be3 h5 37. gxh5 gxh5 38. Rxa7 Re8 39. Kf2 f6
40. a4 Re5 41. Ra6 Rf5 42. Rb6 Ke5 43. Rb4 Na5 44. Rb5+ Ke6 45. Rxf5 Kxf5 46.
Bb6 Nc6 47. Bc7 Ke6 48. Kg3 Ne7 49. Kh4 Nd5 50. Ba5 Nf4 51. g3 Ne2 52. Bb4 Ng1
53. f4 Ne2 54. a5 Kd5 55. f5 Kc6 56. a6 Kb6 57. Be7 Nxc3 58. Bxf6 Ne4 59. Bd4+
Kxa6 60. f6 Nd6 61. Kxh5 Kb7 62. Kg6 Kc6 63. Be5 1-0

[Event "9. Lichtenberger Sommer 2010"]
[Site "Berlin"]
[Date "2010.08.11"]
[Round "6.46"]
[White "Badestein, Hartmut"]
[Black "Kiesewetter, Peter"]
[Result "1/2-1/2"]
[WhiteElo "2159"]
[BlackElo "1887"]
[PlyCount "76"]
[EventDate "2010.??.??"]
[WhiteTeam "SC Friesen Lichtenberg e.V."]
[BlackTeam "SC Schwarz-Weiß Lichtenrade e.V."]

1. e4 c5 2. Nc3 d6 3. f4 Nc6 4. Bc4 Nf6 5. Nf3 Bg4 6. h3 Bxf3 7. Qxf3 Nd4 8.
Qd1 e6 9. d3 Be7 10. Ne2 d5 11. Nxd4 dxc4 12. Nf3 cxd3 13. cxd3 O-O 14. O-O Qb6
15. Kh2 Rfd8 16. Qe2 Qb5 17. Ne5 Rd4 18. Qf3 Rc8 19. b3 a5 20. Be3 Rdd8 21.
Rab1 Nd7 22. Nc4 Nf8 23. Bd2 b6 24. Bc3 Rc7 25. Rbd1 Nd7 26. f5 e5 27. Ne3 Rb7
28. Nd5 Bf8 29. Qg3 f6 30. h4 Kh8 31. Qg4 Nb8 32. Rf3 Nc6 33. Rg3 Bd6 34. h5
Nd4 35. h6 Qd7 36. hxg7+ Qxg7 37. Qh4 Qf7 38. Bxd4 exd4 1/2-1/2

[Event "9. Lichtenberger Sommer 2010"]
[Site "Berlin"]
[Date "2010.08.11"]
[Round "6.47"]
[White "Richter, Götz"]
[Black "Boeck, Rüdiger"]
[Result "0-1"]
[WhiteElo "2072"]
[BlackElo "1779"]
[PlyCount "44"]
[EventDate "2010.??.??"]
[WhiteTeam "Klub Kölner Schachfreunde e.V. 1"]
[BlackTeam "SC Weisse Dame Ulm e.V."]

1. e4 e5 2. Nf3 Nc6 3. d4 exd4 4. Nxd4 Qf6 5. Nxc6 Qxc6 6. Bd3 Bb4+ 7. Bd2
Bxd2+ 8. Qxd2 Ne7 9. Nc3 a6 10. O-O d6 11. Kh1 Be6 12. f4 O-O-O 13. f5 Bc4 14.
Qg5 Bxd3 15. cxd3 Qd7 16. Qxg7 Nc6 17. Nd5 Ne5 18. Rac1 Kb8 19. Rxc7 Qb5 20.
Rc2 Qxd3 21. Rfc1 Qxe4 22. Ne7 Nd3 0-1

[Event "9. Lichtenberger Sommer 2010"]
[Site "Berlin"]
[Date "2010.08.11"]
[Round "6.48"]
[White "Buraczynski, Radoslaw"]
[Black "Keil, Uwe"]
[Result "0-1"]
[WhiteElo "1789"]
[BlackElo "2151"]
[PlyCount "166"]
[EventDate "2010.??.??"]
[WhiteTeam "USG Chemnitz"]
[BlackTeam "SC Friesen Lichtenberg e.V."]

1. e4 g6 2. d4 Bg7 3. Nf3 d6 4. c3 Nf6 5. Bd3 O-O 6. O-O Bg4 7. h3 Bxf3 8. Qxf3
e5 9. d5 Nbd7 10. b4 a5 11. Be3 axb4 12. cxb4 Nxd5 13. Bd2 Nf4 14. Bc4 Qf6 15.
Nc3 c6 16. Bb3 Rfd8 17. Rac1 Nf8 18. b5 N8e6 19. Ne2 Nxe2+ 20. Qxe2 Nd4 21. Qd3
c5 22. Bd5 Rd7 23. f4 Qh4 24. Be1 Qh5 25. g4 Qh6 26. Bd2 Qh4 27. Kg2 exf4 28.
Bxf4 Be5 29. Bxe5 dxe5 30. Rf2 Ne6 31. Qg3 Qxg3+ 32. Kxg3 Ra3+ 33. Rf3 Rxf3+
34. Kxf3 Nd4+ 35. Ke3 b6 36. a4 Ra7 37. Rf1 Nc2+ 38. Kd2 Nb4 39. Rf6 Rxa4 40.
Rxb6 Kg7 41. Bb3 Ra7 42. Rd6 Rb7 43. b6 Kf8 44. g5 Ke8 45. Kc3 Na6 46. Bd5 Rb8
47. Rf6 Rd8 48. Kc4 Nb8 49. Bxf7+ Ke7 50. Bd5 Nd7 51. Re6+ Kf8 52. b7 Rb8 53.
Rc6 Ke7 54. Rc8 Nb6+ 55. Kxc5 Nxc8 56. Kc6 Kd8 57. bxc8=Q+ Rxc8+ 58. Kd6 Rc3
59. Be6 Rg3 60. Bg4 Rd3+ 61. Kxe5 Ke7 62. h4 Rg3 63. Kf4 Ra3 64. h5 gxh5 65.
Bxh5 Ra8 66. g6 h6 67. Kf5 Rf8+ 68. Ke5 Rf2 69. Kd4 Rh2 70. Bg4 Rg2 71. Bf5 h5
72. Ke5 h4 73. Kf4 Kf6 74. e5+ Kg7 75. e6 Kf6 76. Be4 Rg1 77. Kf3 Kxe6 78. Kf2
Rg5 79. Kf1 Ke5 80. Bb7 Rxg6 81. Bc8 Kf4 82. Kf2 Rg3 83. Bd7 h3 0-1

[Event "9. Lichtenberger Sommer 2010"]
[Site "Berlin"]
[Date "2010.08.11"]
[Round "6.49"]
[White "Hantusch, Ralf"]
[Black "Slepuschkin, Shenis"]
[Result "1-0"]
[WhiteElo "1867"]
[BlackElo "2099"]
[PlyCount "101"]
[EventDate "2010.??.??"]
[WhiteTeam "SV Bau-Union e.V."]
[BlackTeam "SK Zehlendorf e.V."]

1. c4 f5 2. Nc3 Nf6 3. g3 e6 4. Bg2 Bb4 5. e3 Bxc3 6. bxc3 Qe7 7. a4 O-O 8. c5
d5 9. cxd6 cxd6 10. Ne2 e5 11. O-O Nc6 12. a5 a6 13. Qa4 Bd7 14. Qa3 Be6 15. d3
g5 16. c4 Qd7 17. Bb2 Nh5 18. f4 gxf4 19. exf4 Nf6 20. Qc3 Rac8 21. Rae1 Qd8
22. Bxc6 Rxc6 23. fxe5 dxe5 24. Qxe5 Rd6 25. Ba3 Ne8 26. Bxd6 Qxd6 27. Qxd6
Nxd6 28. Nf4 Bd7 29. Re7 Bc6 30. Ne6 Rf6 31. Nd4 Ba4 32. Re6 Rg6 33. Rxg6+ hxg6
34. g4 Bd7 35. gxf5 Nxf5 36. Nxf5 Bxf5 37. d4 Bd3 38. Rc1 Kf7 39. Kf2 Ke7 40.
Rc3 Bf5 41. Rb3 Bc8 42. Rb6 Kf7 43. Ke3 Kg7 44. Kf4 Kh6 45. d5 Kh5 46. c5 g5+
47. Kg3 g4 48. d6 Kg5 49. c6 bxc6 50. Rxc6 Bf5 51. Rc5 1-0

[Event "9. Lichtenberger Sommer 2010"]
[Site "Berlin"]
[Date "2010.08.11"]
[Round "6.50"]
[White "Kapp, Frank"]
[Black "Poseck, Steffen"]
[Result "0-1"]
[WhiteElo "1881"]
[BlackElo "2064"]
[PlyCount "100"]
[EventDate "2010.??.??"]
[WhiteTeam "TSV IFA Chemnitz"]
[BlackTeam "BSV 63 Chemie Weißensee"]

1. d4 d5 2. c4 e6 3. Nc3 Nf6 4. Bg5 Nbd7 5. Nf3 c6 6. e3 Qa5 7. Bxf6 Nxf6 8.
Rc1 Bb4 9. Qb3 O-O 10. a3 Be7 11. Bd3 dxc4 12. Bxc4 Nd5 13. O-O Nxc3 14. Rxc3
Rd8 15. Rfc1 Bf6 16. Bd3 g6 17. Qc2 Bd7 18. b4 Qb6 19. Rc5 Be8 20. Ne5 Rd5 21.
Nc4 Qc7 22. Nd2 a5 23. Rxd5 exd5 24. b5 Qd6 25. a4 Rc8 26. Nf3 Bd7 27. Qd1 cxb5
28. Rxc8+ Bxc8 29. Bxb5 Qc7 30. Ne1 Qc3 31. Kf1 Bf5 32. Bd3 Bd7 33. Bc2 b5 34.
axb5 Bxb5+ 35. Bd3 Bc4 36. Ke2 Bb3 37. Bc2 a4 38. Qb1 Bc4+ 39. Bd3 a3 40. Bxc4
dxc4 41. Nc2 Be7 42. Qb8+ Kg7 43. Nxa3 Qxa3 44. Qe5+ Bf6 45. Qc5 Qd3+ 46. Kf3
c3 47. g4 c2 48. g5 Qf5+ 49. Qxf5 gxf5 50. gxf6+ Kxf6 0-1

[Event "9. Lichtenberger Sommer 2010"]
[Site "Berlin"]
[Date "2010.08.11"]
[Round "6.51"]
[White "Kühnemund, Lutz"]
[Black "Kohlmeyer, Dagobert"]
[Result "1-0"]
[WhiteElo "2131"]
[BlackElo "1888"]
[PlyCount "63"]
[EventDate "2010.??.??"]
[WhiteTeam "SC Friesen Lichtenberg e.V."]
[BlackTeam "SC Rochade e.V."]

1. b4 e5 2. Bb2 d6 3. e3 g6 4. c4 Bg7 5. Nf3 Ne7 6. Be2 O-O 7. Nc3 Bf5 8. O-O
d5 9. d4 dxc4 10. Nxe5 Bxe5 11. dxe5 Qxd1 12. Rfxd1 Nbc6 13. Bxc4 Nxe5 14. Be2
Rad8 15. e4 Be6 16. Nd5 Bxd5 17. exd5 f6 18. f4 Nd7 19. d6 cxd6 20. Rxd6 Nf5
21. Bc4+ Kg7 22. Re6 Nb6 23. Bb3 Rd6 24. Rae1 Nc8 25. g4 Rxe6 26. Rxe6 Nh6 27.
g5 Ng8 28. Re2 h5 29. Rc2 Nd6 30. Rc7+ Kh8 31. Rd7 Ne8 32. Rxb7 1-0

[Event "9. Lichtenberger Sommer 2010"]
[Site "Berlin"]
[Date "2010.08.11"]
[Round "6.52"]
[White "Casny, Guenter"]
[Black "Muskewitz, Bernd"]
[Result "0-1"]
[WhiteElo "1889"]
[BlackElo "2017"]
[PlyCount "118"]
[EventDate "2010.??.??"]
[WhiteTeam "SC Rochade e.V."]
[BlackTeam "TSG Oberschöneweide e.V."]

1. e3 b6 2. d4 Bb7 3. Nf3 e6 4. Bd3 Nf6 5. Nbd2 c5 6. c3 Nc6 7. O-O Qc7 8. Re1
d5 9. h3 Bd6 10. e4 cxd4 11. cxd4 dxe4 12. Nxe4 Be7 13. Be3 O-O 14. Rc1 Qd8 15.
a3 Rc8 16. Bb1 Qd5 17. Qd3 g6 18. Nc3 Qh5 19. Bf4 Rfd8 20. b4 Nd5 21. Bd2 Nxc3
22. Rxc3 Bf6 23. b5 Nxd4 24. Nxd4 Rxd4 25. Rxc8+ Bxc8 26. Qe3 Rd8 27. Qe2 Qd5
28. Bb4 Bb7 29. f3 Qg5 30. Be4 Bxe4 31. Qxe4 Qxb5 32. Qf4 Qg5 33. Qc7 Qh4 34.
Qc2 Rc8 35. Qe2 Qd4+ 36. Kh1 Qb2 37. Qa6 Qc2 38. Qxa7 Bc3 39. Bxc3 Qxc3 40. Rb1
Qd4 41. Qa6 Rc2 42. Qf1 Ra2 43. Qg1 Qxg1+ 44. Kxg1 Rxa3 45. Rxb6 h5 46. Rb4 Kg7
47. h4 Ra2 48. Kh2 Re2 49. Kg3 f5 50. Ra4 Kf6 51. f4 Re3+ 52. Kf2 Re4 53. Rxe4
fxe4 54. Ke3 Kf5 55. g3 e5 56. fxe5 Kxe5 57. Ke2 Kd4 58. Kd2 e3+ 59. Ke2 Ke4
0-1

[Event "9. Lichtenberger Sommer 2010"]
[Site "Berlin"]
[Date "2010.08.11"]
[Round "6.53"]
[White "Koischwitz, Wanja"]
[Black "Karpa, Adrian"]
[Result "0-1"]
[WhiteElo "1773"]
[BlackElo "1852"]
[PlyCount "112"]
[EventDate "2010.??.??"]
[WhiteTeam "Queer-Springer SSV Berlin"]
[BlackTeam "SK Landau"]

1. d4 Nf6 2. Nf3 g6 3. e3 Bg7 4. Bd3 d6 5. O-O O-O 6. b3 Nc6 7. Bb2 Nh5 8. Nbd2
e5 9. dxe5 dxe5 10. Be4 f6 11. Bxc6 bxc6 12. Qe2 Qe8 13. Rfd1 f5 14. Qc4+ Be6
15. Qc5 Bd5 16. c4 Bxf3 17. Nxf3 Nf6 18. Qxe5 Qc8 19. Qc3 f4 20. e4 Rf7 21. e5
Ng4 22. h3 Nh6 23. Rd2 Re7 24. Rad1 Nf7 25. Re2 g5 26. c5 g4 27. hxg4 Qxg4 28.
Qc4 Re6 29. Nh2 Qf5 30. Rde1 Ng5 31. f3 h5 32. Rd2 h4 33. Red1 h3 34. Rd8+ Rxd8
35. Rxd8+ Kh7 36. Qd3 Qxd3 37. Rxd3 hxg2 38. Kxg2 Re7 39. Ng4 Ne6 40. Nf6+ Kg6
41. Rd2 Nxc5 42. Kh3 Ne6 43. Rg2+ Kf5 44. Rc2 c5 45. Rc4 Bxf6 46. exf6 Ng5+ 47.
Kg2 Re2+ 48. Kf1 Rxb2 49. Rxc5+ Kxf6 50. Ra5 Nxf3 51. Rxa7 Ke5 52. Ra8 Nh2+ 53.
Kg1 f3 54. Re8+ Kf4 55. Rf8+ Kg3 56. Rg8+ Ng4 0-1

[Event "9. Lichtenberger Sommer 2010"]
[Site "Berlin"]
[Date "2010.08.11"]
[Round "6.54"]
[White "Hesselbarth, Karlheinz"]
[Black "Mai, Andreas"]
[Result "0-1"]
[WhiteElo "1848"]
[BlackElo "1949"]
[PlyCount "80"]
[EventDate "2010.??.??"]
[WhiteTeam "SC Zugzwang 95 e.V."]
[BlackTeam "SC Friesen Lichtenberg e.V."]

1. d4 Nf6 2. c4 g6 3. Nc3 Bg7 4. e4 d6 5. f3 Nbd7 6. Be3 O-O 7. Qd2 e5 8. Nge2
a6 9. d5 Ne8 10. Nc1 f5 11. Bd3 f4 12. Bf2 Ndf6 13. Bc2 Bd7 14. Nd3 b6 15. g4
b5 16. c5 dxc5 17. Nxc5 Nd6 18. Nxd7 Nxd7 19. Bb3 Kh8 20. h4 h6 21. Ne2 Nb6 22.
Bxb6 cxb6 23. Rc1 Qd7 24. Rc6 Nxe4 25. fxe4 Qxg4 26. h5 g5 27. Bc2 f3 28. Nc3
f2+ 29. Kf1 Qf3 30. Rh2 Qg3 31. Rxf2 Rxf2+ 32. Qxf2 Rf8 33. Qxf8+ Bxf8 34. d6
Qh3+ 35. Ke2 Qd7 36. Rxb6 Bxd6 37. Rxa6 g4 38. Bb3 Bf8 39. Ra8 Qd6 40. Nd5 g3
0-1

[Event "9. Lichtenberger Sommer 2010"]
[Site "Berlin"]
[Date "2010.08.11"]
[Round "6.55"]
[White "Bandlow, Matthias"]
[Black "Pöltelt, Helmut"]
[Result "1-0"]
[WhiteElo "2004"]
[BlackElo "1697"]
[PlyCount "97"]
[EventDate "2010.??.??"]
[WhiteTeam "SC Borussia Friedrichsfelde 1920"]
[BlackTeam "SC Eintracht Berlin e.V."]

1. d4 Nf6 2. c4 e6 3. Nf3 d5 4. e3 c6 5. Nbd2 Nbd7 6. Bd3 dxc4 7. Nxc4 c5 8.
O-O Be7 9. b3 cxd4 10. Nxd4 Nc5 11. Bc2 O-O 12. Bb2 a6 13. Qf3 Qd5 14. Nb6 Qxf3
15. Nxf3 Ra7 16. Bd4 a5 17. Na4 Nfd7 18. Rfd1 b5 19. Nxc5 Nxc5 20. Rac1 Rc7 21.
Bd3 b4 22. Be5 Rb7 23. Bc4 Nd7 24. Ba6 Nxe5 25. Bxb7 Bxb7 26. Nxe5 Bf6 27. Nd7
Ra8 28. Nxf6+ gxf6 29. Rd7 Be4 30. f3 Bg6 31. Rd4 e5 32. Rdc4 Kg7 33. e4 f5 34.
Kf2 fxe4 35. fxe4 f5 36. Rc7+ Kh6 37. exf5 Bxf5 38. R1c6+ Bg6 39. Re7 a4 40.
Rxe5 axb3 41. axb3 Rb8 42. Ree6 Kg5 43. Rb6 Rf8+ 44. Ke3 Rf4 45. Rxg6+ hxg6 46.
Rxg6+ Kf5 47. Rf6+ Kxf6 48. Kxf4 Ke6 49. h4 1-0

[Event "9. Lichtenberger Sommer 2010"]
[Site "Berlin"]
[Date "2010.08.11"]
[Round "6.56"]
[White "Vollbrecht, Lars"]
[Black "Bullig, Reinhard"]
[Result "1/2-1/2"]
[WhiteElo "1881"]
[BlackElo "1717"]
[PlyCount "64"]
[EventDate "2010.??.??"]
[WhiteTeam "SF Siemensstadt"]
[BlackTeam "Sfrd. Berlin 1903 e.V."]

1. e4 c5 2. Nf3 d6 3. d4 cxd4 4. Nxd4 Nf6 5. Nc3 a6 6. Be2 e5 7. Nb3 Be6 8. Bg5
Be7 9. Qd2 Nbd7 10. O-O h6 11. Be3 b5 12. f3 Nb6 13. Rad1 b4 14. Nb1 Nc4 15.
Bxc4 Bxc4 16. Rf2 a5 17. Qe1 O-O 18. Nc1 Qb8 19. b3 Be6 20. Nd3 Rc8 21. Nb2 d5
22. exd5 Nxd5 23. Na4 Nxe3 24. Qxe3 Ra6 25. c4 bxc3 26. Nbxc3 Rd6 27. Rxd6 Bxd6
28. Ne4 Bb4 29. Re2 Qc7 30. Kf2 f6 31. g4 Bd7 32. Nb6 Rd8 1/2-1/2

[Event "9. Lichtenberger Sommer 2010"]
[Site "Berlin"]
[Date "2010.08.11"]
[Round "6.57"]
[White "Brauer, Thilo"]
[Black "Hempel-Morgenstern, Markus"]
[Result "1-0"]
[WhiteElo "1830"]
[BlackElo "1564"]
[PlyCount "43"]
[EventDate "2010.??.??"]
[WhiteTeam "SC Friesen Lichtenberg e.V."]
[BlackTeam "SG Weißensee 49 e.V."]

1. c4 f5 2. Nc3 Nf6 3. g3 g6 4. Bg2 Bg7 5. d3 O-O 6. Nf3 c5 7. Rb1 d5 8. cxd5
Nxd5 9. Qb3 e6 10. Bg5 Qa5 11. Bd2 Bxc3 12. bxc3 Qb6 13. Ne5 Qd6 14. d4 Nc6 15.
Nxc6 bxc6 16. O-O Nb6 17. Bf4 Qd7 18. dxc5 Nd5 19. Rfd1 Qe8 20. Be5 Ba6 21. c4
Nf6 22. Qa4 1-0

[Event "9. Lichtenberger Sommer 2010"]
[Site "Berlin"]
[Date "2010.08.11"]
[Round "6.58"]
[White "Roth, Joachim"]
[Black "Strehlow, Horst"]
[Result "1-0"]
[WhiteElo "1895"]
[BlackElo "2101"]
[PlyCount "176"]
[EventDate "2010.??.??"]
[WhiteTeam "SG Bund"]
[BlackTeam "SC Friesen Lichtenberg e.V."]

1. d4 Nf6 2. Nf3 c5 3. Bg5 Qb6 4. dxc5 Qxb2 5. Nbd2 Qc3 6. Bxf6 Qxf6 7. e3 Qc6
8. Nb3 a6 9. Bc4 e6 10. Qd4 Qc7 11. O-O Nc6 12. Qc3 Qd8 13. Rfd1 Be7 14. Rab1
Bf6 15. Qd2 O-O 16. Be2 a5 17. a4 Rb8 18. Nbd4 Nxd4 19. Nxd4 b6 20. c6 Qc7 21.
cxd7 Bxd7 22. Bb5 Bxb5 23. Nxb5 Qc4 24. g3 Rfd8 25. Qc1 Qxa4 26. c3 Rxd1+ 27.
Qxd1 Qxd1+ 28. Rxd1 g6 29. Kf1 Rc8 30. Rc1 Rc4 31. Ke2 Ra4 32. Rc2 Ra1 33. Rb2
Be7 34. Nd4 Bc5 35. Nb3 Ba3 36. Rc2 Rb1 37. Nd2 Rb2 38. Kd3 Rxc2 39. Kxc2 b5
40. Kb3 Be7 41. c4 a4+ 42. Kc2 b4 43. h3 f5 44. Nf3 Bf6 45. Nd4 Bxd4 46. exd4
Kf7 47. f4 h6 48. h4 Ke7 49. Kb2 Kd6 50. Kc2 Kc6 51. Kb2 e5 52. dxe5 Kc5 53.
Ka2 b3+ 54. Ka3 Kxc4 55. e6 Kc3 56. e7 b2 57. e8=Q b1=Q 58. Qc6+ Kd4 59. Qxa4+
Ke3 60. Qe8+ Kf3 61. Qxg6 Qc1+ 62. Ka4 Qc2+ 63. Kb5 Qb3+ 64. Kc6 Qd3 65. h5 Kf2
66. Kc7 Kf3 67. Qxh6 Kxg3 68. Qg5+ Kf3 69. h6 Qc4+ 70. Kd6 Ke4 71. Ke7 Qc5+ 72.
Kf7 Qd5+ 73. Kg6 Qe6+ 74. Kh5 Qf7+ 75. Qg6 Qa2 76. Qg5 Qf7+ 77. Kh4 Qa7 78. Kh5
Qf7+ 79. Qg6 Qa2 80. Qd6 Qh2+ 81. Kg6 Qg3+ 82. Kf7 Qh3 83. Qe5+ Kd3 84. Qd5+
Ke2 85. Qa2+ Ke1 86. Qa1+ Ke2 87. Qb2+ Kf1 88. Qf6 Kf2 1-0

[Event "9. Lichtenberger Sommer 2010"]
[Site "Berlin"]
[Date "2010.08.11"]
[Round "6.59"]
[White "Fuchs, Jörg"]
[Black "Kirchhof, Arno"]
[Result "0-1"]
[WhiteElo "1873"]
[BlackElo "2048"]
[PlyCount "80"]
[EventDate "2010.??.??"]
[WhiteTeam "SC Kreuzberg e.V."]
[BlackTeam "SC Zugzwang 95 e.V."]

1. d4 f5 2. e4 fxe4 3. Nc3 Nf6 4. Bg5 c6 5. Bxf6 exf6 6. Nxe4 Bb4+ 7. c3 d5 8.
Ng3 Qe7+ 9. Qe2 Bd6 10. Qxe7+ Kxe7 11. Bd3 g6 12. N1e2 Nd7 13. O-O Nb6 14. b3
Be6 15. Rac1 Rac8 16. c4 dxc4 17. bxc4 c5 18. d5 Bd7 19. Rfe1 Kf7 20. Ne4 Bb8
21. d6 f5 22. Ng5+ Kf6 23. f4 Bxd6 24. g4 h6 25. Nf3 fxg4 26. Ne5 Bf5 27. Bxf5
gxf5 28. Ng3 h5 29. Rcd1 Rcd8 30. Nxf5 Bxe5 31. Rxd8 Rxd8 32. Rxe5 Nxc4 33.
Rxc5 b6 34. Rxc4 Kxf5 35. Ra4 a5 36. Kg2 h4 37. Kf1 Rd2 38. Kg1 Rb2 39. a3 Rb3
40. Kf2 Rf3+ 0-1

[Event "9. Lichtenberger Sommer 2010"]
[Site "Berlin"]
[Date "2010.08.11"]
[Round "6.60"]
[White "Barwich, Andreas"]
[Black "Sivakumaran, Ramesh"]
[Result "1-0"]
[WhiteElo "1905"]
[BlackElo "1719"]
[PlyCount "97"]
[EventDate "2010.??.??"]
[WhiteTeam "SV Berolina Mitte e.V."]
[BlackTeam "SV Empor Berlin e.V."]

1. d4 Nf6 2. Nc3 g6 3. e4 d6 4. f3 Bg7 5. Be3 O-O 6. Qd2 Re8 7. O-O-O Nc6 8.
Bh6 Bh8 9. h4 e5 10. d5 Nd4 11. Nge2 c5 12. dxc6 bxc6 13. Nxd4 exd4 14. Ne2 c5
15. Nf4 Rb8 16. Bc4 Qb6 17. b3 a5 18. h5 d5 19. Nxd5 Nxd5 20. Bxd5 Be6 21. hxg6
fxg6 22. Bxe6+ Rxe6 23. Qd3 Qb4 24. Bd2 Qa3+ 25. Kb1 a4 26. Qc4 Rbb6 27. Bc1
Qb4 28. Qxb4 Rxb4 29. a3 Rb7 30. Ka2 axb3+ 31. cxb3 c4 32. b4 d3 33. Be3 Rd7
34. g3 Rc6 35. b5 Rc8 36. b6 c3 37. Kb3 c2 38. Rc1 Rc3+ 39. Kb4 d2 40. Bxd2
Rxd2 41. a4 Rc8 42. a5 Bb2 43. a6 Bxc1 44. b7 Rf8 45. Rxc1 Rdd8 46. Rxc2 Rxf3
47. Rc8 Rff8 48. Rxd8 Rxd8 49. a7 1-0

[Event "9. Lichtenberger Sommer 2010"]
[Site "Berlin"]
[Date "2010.08.11"]
[Round "6.61"]
[White "Krebs, Alexander"]
[Black "Lange, Rudolf"]
[Result "0-1"]
[WhiteElo "1884"]
[BlackElo "1790"]
[PlyCount "96"]
[EventDate "2010.??.??"]
[WhiteTeam "Ueberstorf"]
[BlackTeam "SG Narva Berlin e.V."]

1. d4 d5 2. c4 c6 3. Nc3 Nf6 4. cxd5 cxd5 5. e3 Nc6 6. Nf3 e6 7. Bd3 Be7 8. O-O
O-O 9. a3 b6 10. Bd2 Bb7 11. Rc1 Rc8 12. b4 Re8 13. Qb3 Bf8 14. Rc2 Qe7 15.
Rfc1 e5 16. Bb5 e4 17. Ne5 Nxe5 18. dxe5 Qxe5 19. Bxe8 Bd6 20. Bb5 Qxh2+ 21.
Kf1 Qh1+ 22. Ke2 Qxg2 23. Nd1 Qf3+ 24. Ke1 Rxc2 25. Rxc2 d4 26. Bf1 Ng4 27. Qa4
d3 28. Rc8+ Bxc8 29. Qe8+ Bf8 30. Qxc8 Nh2 31. Qh3 Qxh3 32. Bxh3 Nf3+ 33. Kf1
Nxd2+ 34. Kg2 Nc4 35. f3 Nxa3 36. fxe4 Bxb4 37. Bd7 Kf8 38. Kf3 Ke7 39. Bc6 Nc4
40. Bd5 Ne5+ 41. Kg3 Bc5 42. Bb7 a5 43. Ba6 a4 44. Nc3 a3 45. Kf2 Kd6 46. Bb5
Bb4 47. Na2 Kc5 48. Ba4 Bd2 0-1

[Event "9. Lichtenberger Sommer 2010"]
[Site "Berlin"]
[Date "2010.08.11"]
[Round "6.62"]
[White "Popp, Maximilian"]
[Black "Kornath, Heinrich"]
[Result "0-1"]
[WhiteElo "1705"]
[BlackElo "1976"]
[PlyCount "120"]
[EventDate "2010.??.??"]
[WhiteTeam "Spvgg 1946 e.V. Stetten"]
[BlackTeam "SC Friesen Lichtenberg e.V."]

1. e4 g6 2. d4 Bg7 3. Be3 c6 4. f3 d5 5. e5 h5 6. Bd3 Nh6 7. Qd2 Nf5 8. Bf2 h4
9. Ne2 Qb6 10. c3 Bh6 11. f4 Bg7 12. g4 hxg3 13. Nxg3 Nh4 14. Kd1 Nf3 15. Qc2
Nxh2 16. Bxg6 Bg4+ 17. Kc1 c5 18. Bf5 Bf3 19. Re1 e6 20. dxc5 Qc7 21. Bd3 Ng4
22. Nf1 Nc6 23. Nbd2 Bh1 24. Bg1 Bh6 25. Be2 Ncxe5 26. fxe5 Qxe5 27. Bb5+ Kf8
28. Rxe5 Nxe5 29. Bd4 Bf4 30. Bxe5 Bxe5 31. a3 Rh3 32. Kb1 Rc8 33. Ka2 Rxc5 34.
Bd3 d4 35. c4 b5 36. b4 Rc7 37. c5 Bd5+ 38. Kb2 a5 39. Qd1 Rxd3 40. Qe2 Re3 41.
Qf2 d3+ 42. Kb1 Re2 43. Qh4 Rd7 44. Ra2 axb4 45. axb4 Bxa2+ 46. Kxa2 Rd4 47.
Qh6+ Ke7 48. Kb3 Re1 49. Qg5+ Bf6 50. Qg2 Rd5 51. Ng3 Rc1 52. Nge4 Bd4 53. Qh2
Be5 54. Qh4+ Kf8 55. Qh6+ Bg7 56. Qf4 Rd8 57. Qc7 Ra8 58. Qb7 Rca1 59. Qxb5 f5
60. Ng5 R1a3+ 0-1

[Event "9. Lichtenberger Sommer 2010"]
[Site "Berlin"]
[Date "2010.08.11"]
[Round "6.63"]
[White "Kießling, Beate"]
[Black "Merz, Rüdiger"]
[Result "0-1"]
[WhiteElo "1699"]
[BlackElo "1920"]
[PlyCount "62"]
[EventDate "2010.??.??"]
[WhiteTeam "Queer-Springer SSV Berlin"]
[BlackTeam "SK Zehlendorf e.V."]

1. c4 Nf6 2. g3 g6 3. Bg2 Bg7 4. Nc3 O-O 5. Nf3 d6 6. O-O e5 7. e4 c6 8. d4
exd4 9. Nxd4 Nbd7 10. Nde2 Nc5 11. Rb1 Re8 12. Qc2 Ncxe4 13. Qd1 Bf5 14. Nxe4
Nxe4 15. Ra1 Qc7 16. Nd4 Bd7 17. Rb1 Rad8 18. Be3 c5 19. Nc2 Bc6 20. Qc1 d5 21.
Bf4 Qc8 22. cxd5 Bxd5 23. Ne3 Bc6 24. Nc4 Re6 25. Rd1 Bd4 26. Ne3 g5 27. Bxe4
gxf4 28. Ng2 Rxe4 29. Nxf4 Qg4 30. Rd3 Bxf2+ 31. Kf1 Rxd3 0-1

[Event "9. Lichtenberger Sommer 2010"]
[Site "Berlin"]
[Date "2010.08.11"]
[Round "6.64"]
[White "Würsig, Mathias"]
[Black "Grillich, Alexander"]
[Result "1/2-1/2"]
[WhiteElo "1868"]
[BlackElo "1994"]
[PlyCount "41"]
[EventDate "2010.??.??"]
[WhiteTeam "SV Blau-Gelb 1899 Hosena e.V."]
[BlackTeam "SC Rochade e.V."]

1. e4 c5 2. Nf3 e6 3. d4 cxd4 4. Nxd4 Nc6 5. Nb3 Nf6 6. Bd3 Be7 7. Be3 a6 8.
O-O O-O 9. a3 Ne5 10. Nc3 Nxd3 11. cxd3 b5 12. e5 Nd5 13. Nxd5 exd5 14. d4 d6
15. f4 dxe5 16. fxe5 f6 17. Qd3 Be6 18. Rac1 Rc8 19. Rxc8 Qxc8 20. Rc1 Qd7 21.
Nc5 1/2-1/2

[Event "9. Lichtenberger Sommer 2010"]
[Site "Berlin"]
[Date "2010.08.11"]
[Round "6.65"]
[White "Rüther, Marc"]
[Black "Große-Honebrink, Brigitte"]
[Result "1/2-1/2"]
[WhiteElo "1749"]
[BlackElo "1934"]
[PlyCount "56"]
[EventDate "2010.??.??"]
[WhiteTeam "Queer-Springer SSV Berlin"]
[BlackTeam "SC Kreuzberg e.V."]

1. e4 c5 2. c3 d5 3. exd5 Qxd5 4. Nf3 Nf6 5. d4 e6 6. Bd3 Nc6 7. O-O Be7 8. c4
Qh5 9. dxc5 Qxc5 10. Be3 Qd6 11. a3 O-O 12. Qc2 Ne5 13. Nxe5 Qxe5 14. g3 Qh5
15. Qe2 Qxe2 16. Bxe2 e5 17. Nc3 Be6 18. Nb5 Bh3 19. Rfd1 b6 20. b4 Rfc8 21.
Rac1 Bd7 22. Nd6 Rc7 23. c5 bxc5 24. Bxc5 Ba4 25. Rd2 g6 26. Nb5 Bxb5 27. Bxb5
Ne4 28. Rdc2 Bxc5 1/2-1/2

[Event "9. Lichtenberger Sommer 2010"]
[Site "Berlin"]
[Date "2010.08.11"]
[Round "6.66"]
[White "Ross, Chris N"]
[Black "Kötz, Andreas"]
[Result "1-0"]
[WhiteElo "2207"]
[BlackElo "2039"]
[PlyCount "43"]
[EventDate "2010.??.??"]
[WhiteTeam "New England"]
[BlackTeam "SC Zitadelle Spandau 1977 e.V."]

1. e4 c5 2. Nf3 Nc6 3. Bb5 e6 4. O-O Nge7 5. Re1 a6 6. Bf1 d5 7. exd5 Nxd5 8.
d4 Nf6 9. Be3 Ng4 10. Bg5 f6 11. d5 Nb4 12. Nc3 Be7 13. Bf4 Nxd5 14. Nxd5 exd5
15. h3 Nh6 16. Bxh6 gxh6 17. Qe2 Kf7 18. Nh4 Qd6 19. Rad1 Qe5 20. Qf3 Qg5 21.
Rxd5 Qxh4 22. Re4 1-0